000 00526nam a2200169Ia 4500
008 230718s9999 xx 000 0 und d
020 _a9789351102670
041 _aeng
082 _a006.3
_bPRO
100 _aProvost F.
_9118223
245 _aData Science For Business
_bWhat You Need To Know About Data Mining And Data-Analytic Thinking
260 _c2018
_bO'Reilly/SPD
300 _a384
365 _cRs.
_b850.00
700 _aProvost F. & Fawcett T.
_9118224
906 _dO:0590027-Feb-2018B:419915-Feb-2018
_cCOMP
_b170
999 _c347079
_d347079